| 000 | 01140nam a22003377a 4500 | ||
|---|---|---|---|
| 003 | CHAP | ||
| 005 | 20220329143611.0 | ||
| 008 | 100823s2009 us a r 00010 eng d | ||
| 010 | _a99124 | ||
| 011 | _a100096 | ||
| 022 | 0 | _a0081-024X | |
| 035 | _a110782 | ||
| 040 | _cCHAP | ||
| 082 | 1 | 4 |
_a588.2 _bIr21 |
| 100 | 1 |
_aIreland, Robert R. _960336 |
|
| 245 | 1 | 0 |
_aSome Latin American genera of Hypnaceae (Musci) _c/por Robert R. Ireland y William R. Buck |
| 260 |
_aWashington, D.C. : _bSmithsonian Institution ScholarLy Press, _c2009 |
||
| 300 |
_a97 p. : _bilus. |
||
| 490 | 0 |
_aSmithsonian contributions to botany _v; 93 |
|
| 590 |
_aBATCH-UPD _b10 _c20130110 _lUCH01 _h1425 |
||
| 590 |
_aBATCH-UPD _b10 _c20130410 _lUCH01 _h0905 |
||
| 590 |
_aBATCH-UPD _b10 _c20130914 _lUCH01 _h0738 |
||
| 590 |
_aCONVERSION _b10 _c20130109 _lUCH01 _h1355 |
||
| 650 | 1 | 4 |
_aBotánica _xAmérica Latina. _914487 |
| 650 | 1 | 4 |
_aMusgos. _979880 |
| 700 | 1 |
_aBuck. William R. _915896 |
|
| 830 | 0 |
_aSmithsonian contributions to botany _v; 93 _9107168 |
|
| 901 | _aBK | ||
| 942 | _cLIBRO | ||
| 949 |
_a588.2 Ir 21 _bBC _cLIBRO _d33724002139819 _eLIBRO _h113298 _i110782 _sb |
||
| 999 |
_c99124 _d99124 |
||